| 000 | 00660nam a2200133 a 4500 | ||
|---|---|---|---|
| 008 | 071002s2006 ||||||||||||||||| || u | ||
| 050 | _aUNIDIR(02) | ||
| 110 | _aUnited Nations Economic and Social Affairs (UNESA) | ||
| 245 | 1 | 0 | _aInternational Assistance for implementating the Plan of Action to Prevent, Combat and Eradicate the illicit Trade in Small Arms and Light Weapons in All Its Aspects |
| 260 |
_aNew York _bUNITED NATIONS _c2006 |
||
| 300 | _axiii, 70p. :ill. | ||
| 350 | _a0.00 | ||
| 995 |
_D0.00 _FCBU-MAIN LIBRARY (Kitwe) _H1 _I0.00 _M1 _UAVAILABLE _WOct 2, 2008 _ZInternational Publications |
||
| 999 |
_c47284 _d47284 |
||